Statistics for 1990s Oscar Best Actor Nominees

Click here to take the quiz!

General Stats

  • This quiz has been taken 911 times
  • The average score is 26 of 40

Answer Stats

MovieActor% Correct
Philadelphia, Forrest Gump, Saving Private RyanTom Hanks
100%
Good Will HuntingMatt Damon
96%
The Silence of the Lambs, The Remains of the Day, NixonAnthony Hopkins
95%
Pulp FictionJohn Travolta
94%
Driving Miss Daisy, The Shawshank RedemptionMorgan Freeman
94%
Born on the Fourth of July, Jerry MaguireTom Cruise
94%
Malcolm XDenzel Washington
91%
Dead Poets Society, The Fisher KingRobin Williams
91%
Scent of a WomanAl Pacino
90%
As Good as It GetsJack Nicholson
89%
Schindler's ListLiam Neeson
87%
Awakenings, Cape FearRobert De Niro
87%
My Left Foot, In the Name of the FatherDaniel Day-Lewis
86%
Dances with WolvesKevin Costner
85%
Leaving Las VegasNicolas Cage
84%
UnforgivenClint Eastwood
79%
American History XEdward Norton
77%
The English PatientRalph Fiennes
76%
ChaplinRobert Downey Jr.
73%
Dead Man WalkingSean Penn
64%
ShineGeoffrey Rush
63%
Life Is BeautifulRoberto Benigni
62%
The People vs. Larry FlyntWoody Harrelson
62%
Wag the DogDustin Hoffman
56%
Reversal of FortuneJeremy Irons
54%
BugsyWarren Beatty
51%
Mr. Holland's OpusRichard Dreyfuss
47%
The Prince of Tides, AfflictionNick Nolte
46%
Henry VKenneth Branagh
43%
Sling BladeBilly Bob Thornton
42%
Cyrano de BergeracGérard Depardieu
41%
What's Love Got to Do with ItLaurence Fishburne
41%
Gods and MonstersIan McKellen
39%
Ulee's GoldPeter Fonda
34%
Nobody's FoolPaul Newman
32%
The ApostleRobert Duvall
32%
The Crying GameStephen Rea
28%
The FieldRichard Harris
25%
The Madness of King GeorgeNigel Hawthorne
24%
Il Postino: The PostmanMassimo Troisi
15%

Score Distribution

Percentile by Number Answered

Percent of People with Each Score

Your Score History

You have not taken this quiz